Dicionário escolar de ciência (Registo nº 933)

Detalhes MARC
000 -Etiqueta do registo
Cabeçalho 00721nam a2200265 i 4500
005 - Identificador da versão
Campo de controlo 20240813121819.0
010 ## - Número internacional normalizado dos livros (ISBN)
Número (ISBN) 9722611631
035 ## - Other System Control Numbers
System Control Number 0000998
System Control Number 0000981
100 ## - Dados gerais de processamento
Dados gerais de processamento 19961122d1994 de y0pory5003 ba
102 ## - Pais de publicação ou produção
País de publicação Portugal
101 1# - Língua de publicação
Língua do texto, banda sonora, etc. Português
Língua do documento no original Inglês
215 ## - Descrição física 
Indicação específica da natureza do documento e extensão da espécie 192 p.
Outras indicações físicas il
200 1# - Titulo e menção de responsabilidade
Título próprio Dicionário escolar de ciência
Primeira menção de responsabilidade texto de Neil Ardley
210 ## - Publicação, Distribuição, etc. 
Lugar da edição, distribuição, etc. Porto
Nome do editor, distribuidor, etc. Civilização
Data da publicação, distribuição, etc. cop. 1994
300 ## - Notas gerais 
Texto da nota Trad. de: Dictionary of science
312 ## - Notas relativas a títulos relacionados 
Texto da nota Subtít. da capa: 2000 entradas assunto a assunto
675 ## - Classificação Decimal Universal (CDU)
Notação 030:5
Edição BN
Língua da edição por
Notação 5:030
Edição BN
Língua da edição por
700 #1 - Nome de autor-pessoa física (responsabilidade principal)
Número de registo de entrada de autoridade 0001224
Palavra de ordem Ardley
Outra parte do nome não tomada para palavra de ordem Neil
942 ## - Elementos de entrada adicionados (Koha)
Tipo de item no Koha Livro
Exemplares
Situação do levantamento Origin of item (home branch) (coded) Biblioteca de empréstimo Código de barras Cota Circulation type (not for loan) Tipo de documento Nota do exemplar Damaged status
  Biblioteca Escolar Eng. Nuno Mergulhão Biblioteca Escolar Eng. Nuno Mergulhão BENM1674 5(038) ARD   Livro Sem mensagem